00857nab a2200241uuc4500001000800000005001700008008004100025035001200066035002100078040001300099041000800112100003800120245007700158650002900235650002500264650002600289650002100315700005100336700004600387773015300433942001000586999001900596111162020240202085807.0081030e20070705 spa  a1111620 a(OCoLC)820446653 ccomduadb aspa10aEstruch, Monica4auteaut946488210aTecnicas y procedimientos para la representacion de las curvas melodicas aCurvas melodicas9105849 aEntonación9172599 aOndas sonoras9175830 aProsodia914147910aGarrido Alminana, Juan Maria4auteaut936197810aLlisterri Boix, Joaquim4auteaut94435250 tRLA. Revista de Linguística Teórica y Aplicada (Concepción)gVolumen 45, Número 02, Julio-Diciembre 2007, p. 59-87w258736z0033698X0100152 cARIMP c475349d475349